000 00210nam a2200085Ia 4500
008 170620s9999 xx 000 0 und d
100 _aN.C.E.R.T
245 0 _aInservice Teacher Education Package
260 _bNew Delhi-NCERT
260 _c1997
999 _c25166
_d25166